Metodología de la historia
Saved in:
| 主要作者: | |
|---|---|
| 格式: | 图书 |
| 语言: | 西班牙语 |
| 出版: |
Madrid
Cátedra
1982
|
| 丛编: | Colección Historia, Serie Mayor
|
| 主题: | |
| 标签: |
添加标签
没有标签, 成为第一个标记此记录!
|
MARC
| LEADER | 00000nam a2200000 a 4500 | ||
|---|---|---|---|
| 001 | UCP4291 | ||
| 003 | CL-VaPUC | ||
| 008 | 990724e19820000SP |||||||||||||||||spa|d | ||
| 082 | 0 | 4 | |a 372.89 |b TOP |2 21 |
| 100 | 0 | |a Topolsky, Jerzy |e author |9 431741 | |
| 245 | 1 | 0 | |a Metodología de la historia |
| 300 | |a 519 p | ||
| 942 | |c BK | ||
| 945 | |d 19990724 00:00:00 |a lriquelm | ||
| 260 | |a Madrid |b Cátedra |c 1982 | ||
| 650 | 0 | |a Enseñanza de la historia |9 307330 | |
| 650 | 0 | |a Metodología de la historia |9 431742 | |
| 650 | 0 | |a Investigación histórica |9 344844 | |
| 650 | 0 | |a Teoría del conocimiento |9 255038 | |
| 650 | 7 | |a METODOLOGIA OBJETIVA |2 CL-VaPUC |9 431743 | |
| 650 | 7 | |a METODOLOGIA PRAGMATICA |2 CL-VaPUC |9 431744 | |
| 650 | 7 | |a METODOLOGIA APRAGMATICA |2 CL-VaPUC |9 431745 | |
| 583 | |a last modification |c 20160914 10:21:59 |k Rodrigo Vera | ||
| 490 | 0 | |a Colección Historia, Serie Mayor | |
| 999 | |c 282294 |d 282292 | ||
| 952 | |0 0 |1 0 |4 0 |6 372_890000000000000_TOP_1982 |7 0 |8 X |9 323930 |a BIBHIS |b BIBHIS |d 2019-11-20 |i 1366351 |l 3 |o 372.89 TOP 1982 |p 1366351 |r 2024-07-26 |s 2024-07-25 |w 2019-11-20 |y BK_X |k HIS | ||